The Gohan Quiz - Statistics

General Stats
  • This quiz has been taken 257 times
  • The average score is 13 of 21
Answer Stats
Hint Answer % Correct
Who is Gohan's father? Goku
100%
What star ball is on Gohan's hat when he is a young child? Four
84%
In his father's family, who was Gohan named after? Grandpa Gohan
80%
Who is the first enemy Gohan ever inflicts any damage on? Raditz
76%
In which of Frieza's forms does Gohan first manage to inflict damage upon him? Frieza's 2nd Form
73%
Who takes Gohan's credit for defeating Cell? Mr. Satan
71%
Who does Gohan have a crush on and teach how to fly before the Majin Buu Saga? Videl
71%
In the future, who did Gohan teach that eventually became a Super-Saiyan? Future Trunks
70%
What is Gohan's signature energy attack? Masenko
69%
When Piccolo trys to leave Gohan in the forest, what does Gohan do? Cry
68%
Who does Gohan save from Dodoria? Dende
66%
Who does Gohan take down when Baby is controlling his body? Vegeta
65%
After the Cell Games and after Goku's noble death, years later, what super-hero does Gohan become? The Great Saiyaman
64%
Where does Gohan first become a Super-Saiyan? The Hyperbolic Time Chamber
61%
Who did Gohan save from Dr. Gero? Piccolo
58%
What is the name of the sword that Gohan frees while in the Kais' World? The Z Sword
49%
After Spopovich drains Gohan's power, who heals him? Kibito
44%
Who is Gohan's first major opponent after the seven years of Cell's defeat? Dabura
41%
Which of Cell's minions does Gohan beat that all of the other Z-Fighters could not? The Cell Jrs.
36%
What technique does Gohan use in an attempt to destroy the Magic Ball of Buu? Electric Kamehameha
7%
Who is the last person that Gohan ever individually fights? General Rildo
4%
No matching quizzes found
Score Distribution
Percent of People with Each Score
Percentile by Number Answered
Your Score History
You have not taken this quiz